| 000 | 00532nam a2200205Ia 4500 | ||
|---|---|---|---|
| 003 | OSt | ||
| 005 | 20251119121150.0 | ||
| 008 | 210210b xxu||||| |||| 00| 0 eng d | ||
| 040 | _cAL | ||
| 041 | _aKannada | ||
| 082 | _a851/182 | ||
| 100 |
_aDEVA KAVI _9135295 _dದೇವ ಕವಿ |
||
| 245 |
_aMarulasidda kavya _bಮರುಳಸಿದ್ಧ ಕಾವ್ಯ |
||
| 260 |
_aBengaluru _b- |
||
| 650 |
_aMarulasidda _9135296 |
||
| 650 |
_akavya _9135297 |
||
| 690 |
_aKannada Poetry _9135298 |
||
| 906 | _a018198 | ||
| 942 |
_2ddc _cBK |
||
| 999 |
_c141324 _d141324 |
||